00514nam a2200181Ia 4500008004100000020001800041082001800059100002300077245001700100250000600117260003900123300001000162500002400172650001400196942000700210952009800217999001700315230524s9999 xx 000 0 und d a9789384588533 a621.1083bKUM aVipin Kumar942944 0aSteam Tables a1 aNew DelhibI.K.Internationalc2015 a222P; aQuantity Number: 1 aMechanics cBK 00104070aTATCLbTATCLcGENd2023-05-24l0o621.1083 KUMp54197r2023-05-24w2023-05-24yBK c57904d57904